Statistiche per Date fondamentali della storia umana

Clicka qui per fare il quiz!

Statistiche generali

  • Questo quiz è stato fatto 728 volte
  • Il punteggio medio è 28 su 50

Statistiche sulle risposte

EventoData% Corretto
Nascita di Gesù Cristo0
92%
Fine della Seconda Guerra Mondiale1945
92%
Attentato alle Torri Gemelle2001
92%
Inizio della pandemia di covid-192020
92%
Morte di Ottaviano Augusto14
91%
Fine della Prima Guerra Mondiale1918
91%
Inizio della Seconda Guerra Mondiale1939
91%
Introduzione dell'Euro, moneta unica europea2002
91%
Inizio della Prima Guerra Mondiale1914
90%
Nascita della Repubblica Italiana1946
90%
Crollo del muro di Berlino: fine della Guerra Fredda1989
89%
Unità d'Italia1861
88%
Scoperta dell'America1492
86%
Salita al potere di Mussolini in Italia1922
86%
Salita al potere di Hitler in Germania1933
86%
Inizio della Rivoluzione Russa1917
84%
Crollo della borsa di New York: grande depressione1929
84%
Dissoluzione dell'Unione Sovietica1991
82%
Inizio della Rivoluzione Francese1789
80%
Costruzione del muro di Berlino1961
72%
Caduta dell'Impero Romano d'Occidente476
69%
Incoronazione di Carlo Magno a Imperatore800
67%
Trattati di Roma: nascita della Comunità Economica Europea1957
65%
Congresso di Vienna: fine dell'era napoleonica1815
64%
Dichiarazione d'indipendenza degli Stati Uniti d'America1776
62%
Fondazione di Roma753 a.C.
61%
Unificazione tedesca1871
51%
Editto di Milano (o editto di Costantino)313
49%
Idi di marzo (assassinio di Giulio Cesare)44 a.C.
49%
Caduta di Costantinopoli1453
46%
Inizio della riforma luterana1517
35%
Diffusione in Europa della Grande Peste (o Morte Nera)1348
33%
Vasco da Gama raggiunge l'India circumnavigando l'Africa1498
32%
Massima espansione dell'Impero Romano con Traiano117
30%
Promulgazione della Magna Carta in Inghilterra1215
29%
Morte di Alessandro Magno323 a.C.
28%
Pace di Westfalia: fine della Guerra dei trent'anni1648
27%
Conquista normanna dell'Inghilterra1066
26%
Istituzione della Repubblica a Roma509 a.C.
24%
Scisma d'oriente1054
23%
Atto di supremazia di Enrico VIII1534
23%
Egira di Maometto622
23%
Concilio di Clermont: inizio delle Crociate1095
19%
Gloriosa Rivoluzione in Inghilterra1688
19%
Battaglia della Manica: sconfitta dell'"Invincibile Armada"1588
18%
Distruzione di Cartagine146 a.C.
17%
Battaglia di Salamina480 a.C.
17%
Battaglia di Legnano1176
15%
Ottone I fonda il Sacro Romano Impero Germanico962
12%
Assedio di Acri: fine delle Crociate1291
10%

Distribuzione punteggi

Percentile per numero di risposta

Percentuale di utenti per punteggio

I tuoi punteggi nel tempo

Non hai fatto questo quiz